| 000 | 00873nam a2200193Ia 4500 | ||
|---|---|---|---|
| 003 | GCL | ||
| 008 | 140319s9999 xx 000 0 ara d | ||
| 020 | _a6446118977 | ||
| 040 |
_aGCL / _cGCL |
||
| 082 | 0 | 4 |
_aق _b962.03 _bع م |
| 100 | 1 | _aعبدالرحمن الرافعى | |
| 245 | 1 | 0 |
_aمصر المجاهدة فى العصر الحديث : ج2 : _bتاريخ مصر القومى - من ولاية محمدعلى الى نهاية حكم سعيد / _cعبدالرحمن الرافعى |
| 260 |
_aالقاهرة : _bدار الهلال للطباعة والنشر |
||
| 300 |
_a167 ص ؛ _c24 سم |
||
| 490 |
_aمصر المجاهدة فى العصر الحديث _v2 |
||
| 650 | 0 | 4 | _aمصر - تاريخ - العصر الحديث - عصر محمد على ( 1805- 1849 م ) |
| 650 | 0 | 4 | _aمصر - تاريخ - العصر الحديث (1805 - 1956 ) |
| 942 |
_2ddc _cBK |
||
| 999 |
_c5064 _d5064 |
||